Pohľadávky splatnosti obmedzujú financovanie lesníctva

Finančná analýza v štátnych podnikoch lesného hospodárstva za rok 2000. Porušovanie platobnej a finančnej disciplíny. Obmedzovanie financovania prevádzkových potrieb. Obmedzovanie investičnej výstavby a technického rozvoja. Neuhrádzanie vlastných záväzkov voči dodávateľom. Zhoršovanie celkových hosp...

Descrizione completa

Salvato in:
Dettagli Bibliografici
Autore principale: Michalík, Igor
Natura: Capitolo di libro
Lingua:slovacco
Soggetti:
Tags: Aggiungi Tag
Nessun Tag, puoi essere il primo ad aggiungerne!!

MARC

LEADER 00000naa a2200000 4500
001 r044118
005 20230925125226.5
041 0 |a slo 
044 |a SK 
245 1 0 |a Pohľadávky splatnosti obmedzujú financovanie lesníctva  |c Igor Michalík 
520 |a Finančná analýza v štátnych podnikoch lesného hospodárstva za rok 2000. Porušovanie platobnej a finančnej disciplíny. Obmedzovanie financovania prevádzkových potrieb. Obmedzovanie investičnej výstavby a technického rozvoja. Neuhrádzanie vlastných záväzkov voči dodávateľom. Zhoršovanie celkových hospodárskych výsledkov. Závery analýzy. 
610 2 0 |a lesníctvo 
610 2 0 |a hospodárstvo lesné 
610 2 0 |a podnik štátny 
610 2 0 |a analýza finančná 
610 2 0 |a disciplína finančná 
610 2 0 |a pohľadávky 
100 1 |a Michalík, Igor